| 000 | 01115nam a2200265Ia 4500 | ||
|---|---|---|---|
| 003 | OSt | ||
| 005 | 20221002044538.0 | ||
| 006 | a|||||r|||| 00| 0 | ||
| 007 | ta | ||
| 008 | 220930b |||||||| |||| 00| 0 hin d | ||
| 020 |
_a8186311505 (hbk) _cINR 2500.00 |
||
| 024 | _a36696 | ||
| 037 |
_b1714, 19/03/2018, Pegasus Marketing India _cReference Collections |
||
| 040 |
_aCRL _cCRL _bhin |
||
| 041 |
_2hin _ahin |
||
| 082 | _aO152,1M972x, Q1.1-.4(RR) | ||
| 100 | _aचतुर्वेदी, नरेशचंद्र, संपा. | ||
| 245 | 0 | _aबालकृष्ण शर्मा ‘नवीन’ काव्य रचनावली | |
| 260 |
_aनई _bदिल्ली प्रकाशन संस्थान _c2011 |
||
| 490 | _vभाग 1 | ||
| 650 | _a हिन्दी साहित्य | ||
| 650 | _aहिन्दी कविता | ||
| 942 |
_hO152,1M972x, Q1.1-.4(RR) _cref _2CC |
||
| 999 |
_c910595 _d910595 |
||